Renovácia rotačných súčiastok aplikovaná na dopravné valce ku krokovej peci v Železiarňach Podbrezová, a. s. : Diplomová práca

Enregistré dans:
Détails bibliographiques
Auteur principal: Vlček, Marcel (Auteur)
Autres auteurs: Jackuliak, Ján (xxx)
Format: Manuscrit Livre
Langue:slovaque
Publié: Trnava : STU v Bratislave MtF KZv, 1998
Sujets:
Tags: Ajouter un tag
Pas de tags, Soyez le premier à ajouter un tag!

MARC

LEADER 00000ntm a22000003a 4500
001 stu80591
005 20160719154946.0
008 030526s1998----xo------------------slo-d
040 |a STU  |b slo 
041 0 |a slo 
044 |a xo 
100 1 |a Vlček, Marcel  |4 aut 
245 1 |a Renovácia rotačných súčiastok aplikovaná na dopravné valce ku krokovej peci v Železiarňach Podbrezová, a. s. :  |b Diplomová práca 
260 |a Trnava :  |b STU v Bratislave MtF KZv,  |c 1998 
300 |a 33 s  |c abstr. 
650 7 |a rotačné súčiastky  |2 stusub 
650 7 |a opotrebenie povrchu  |2 stusub 
650 7 |a strojárske technológie  |2 stusub 
700 1 |a Jackuliak, Ján  |4 xxx 
996 |b 284M042128  |c M*DP-2128  |l MMSKP  |s P  |a 0  |w stu80591_0001